Minnesota Head Football Coaches by Picture - Statistics

General Stats
  • This quiz has been taken 9 times
  • The average score is 3 of 21
Answer Stats
Picture Hint Answer % Correct
2017-Present P. J. Fleck
100%
2011-2015 Jerry Kill
63%
1997-2006 Glen Mason
25%
1932-1941 | 1945-1950 Bernie Bierman
13%
1972-1978 Cal Stoll
13%
1930-1931 Fritz Crisler
13%
1900-1921 Henry L. Williams
13%
1992-1996 Jim Wacker
13%
1979-1983 Joe Salem
13%
1986-1991 John Gutekunst
13%
1954-1971 Murray Warmath
13%
2007-2010 Tim Brewster
13%
2015-2016 Tracy Claeys
13%
1896-1897 Alexander Jerrems
0%
1925-1929 Clarence Spears
0%
1891 Edward Moulton
0%
2010 Jeff Horton
0%
1895 Pudge Heffelfinger
0%
1893 Wallace Winter
0%
1951-1953 Wes Fesler
0%
1922-1924 William H. Spaulding
0%
No matching quizzes found
Score Distribution
Percent of People with Each Score
Percentile by Number Answered
Your Score History
You have not taken this quiz